Federíco en persona: semblanza y epistolario

Guardat en:
Dades bibliogràfiques
Autor principal: Guillén, Jorge (Autor)
Format: Llibre
Idioma:espanyol
Publicat: Buenos Aires Emece 1959
Matèries:
Etiquetes: Afegir etiqueta
Sense etiquetes, Sigues el primer a etiquetar aquest registre!

MARC

LEADER 00000nam a2200000 a 4500
001 UCY1929
003 CL-VaPUC
008 940929e19590000AG |||||||||||||||||spa|d
082 0 4 |a 861.09  |b GUI  |2 21 
100 |a Guillén, Jorge  |e author  |9 321048 
245 1 0 |a Federíco en persona: semblanza y epistolario 
300 |a 143 p 
942 |c BK 
945 |d 19940929 00:00:00  |a oaravena 
260 |a Buenos Aires  |b Emece  |c 1959 
600 0 |a García Lorca, Federico   |e autor   |9 315690 
650 0 |a Crítica e interpretación   |9 255042 
583 |a last modification  |c 19940929 00:00:00  |k Rodrigo Vera 
999 |c 230497  |d 230495 
952 |0 0  |1 0  |4 0  |6 861_090000000000000_GUI_1959  |7 0  |8 A  |9 232820  |a BIBEDU  |b BIBEDU  |d 2019-11-15  |i 3020231  |o 861.09 GUI 1959  |p 3020231  |r 2019-11-15  |w 2019-11-15  |y BK  |k LIT 
952 |0 0  |1 0  |4 0  |6 861_090000000000000_GUI_1959  |7 0  |8 A  |9 232821  |a BIBEDU  |b BIBEDU  |d 2019-11-15  |i 3096750  |o 861.09 GUI 1959  |p 3096750  |r 2019-11-15  |w 2019-11-15  |y BK  |k LIT 
952 |0 0  |1 0  |4 0  |6 861_090000000000000_GUI_1959  |7 0  |8 A  |9 232822  |a BIBEDU  |b BIBEDU  |d 2019-11-15  |i 310320K  |o 861.09 GUI 1959  |p 310320K  |r 2019-11-15  |w 2019-11-15  |y BK  |k LIT